El Control de Convencionalidad (CCV) fundamentacin̤ e implementacin̤ desde el Sistema Interamericano de Derechos Humanos /

Bibliographic Details
Main Author: Cubides Cr̀denas, Jaime
Format: eBook
Language:Spanish
Published: Bogot:̀ Universidad Catl̤ica de Colombia, 2016
Subjects:
Online Access:Acceso restringido

MARC

LEADER 00000nam a22000007a 4500
005 20181030233915.0
007 cr|||| ||||
008 181030s2016 co |||||s|||| 00||0 spa d
020 |a 978-958-8934-48-8 
035 |a 22106 
040 |a vLex 
090 |c 8231  |d 8231 
100 1 |a Cubides Cr̀denas, Jaime 
245 1 2 |a El Control de Convencionalidad (CCV)  |h [Recurso electrn̤ico] :  |b fundamentacin̤ e implementacin̤ desde el Sistema Interamericano de Derechos Humanos /  |c Jaime Cubides Cr̀denas 
256 |a Servicio en ln̕ea 
260 |a Bogot:̀  |b Universidad Catl̤ica de Colombia,  |c 2016 
300 |a 1 recurso electrn̤ico 
506 1 |a Disponible solo en los productos indicados  |d vLex Global  |d vLex Global (Academic Edition, excluding Law Schools)  |d vLex Global (U.S. Academic Edition, Law Schools)  |d vLex Global (U.S. Academic Edition, excluding Law Schools)  |d vLex Global (Academic Edition, Law Schools) 
650 0 4 |a Derecho Constitucional  |z Colombia 
740 0 |a vLex Libros (Servicio en ln̕ea) 
856 4 0 |u http://vlex.com/source/control-convencionalidad-ccv-fundamentacion-implementacion-sistema-interamericano-derechos-humanos-22106  |z Acceso restringido 
942 |c BOOK 
999 0 |a Constitutional right